• AIU
  • Tony Wilmot Memorial Library

Myths and legends of the Congo (Record no. 61228)

MARC details
000 -LEADER
fixed length control field 00764nam a22002417a 4500
003 - CONTROL NUMBER IDENTIFIER
control field OSt
005 - DATE AND TIME OF LATEST TRANSACTION
control field 20150128154116.0
008 - FIXED-LENGTH DATA ELEMENTS--GENERAL INFORMATION
fixed length control field 150128b xxu||||| |||| 00| 0 eng d
040 ## - CATALOGING SOURCE
Original cataloging agency DLC
Language of cataloging DLC
Transcribing agency DLC
050 ## - LIBRARY OF CONGRESS CALL NUMBER
Classification number GR 360
Item number .C6K63 1971
100 ## - MAIN ENTRY--PERSONAL NAME
9 (RLIN) 35513
Personal name Knappert, Jan.
245 ## - TITLE STATEMENT
Title Myths and legends of the Congo
Statement of responsibility, etc Jan Knappert.
260 ## - PUBLICATION, DISTRIBUTION, ETC. (IMPRINT)
Place of publication, distribution, etc Nairobi
-- London
-- Ibadan
Name of publisher, distributor, etc Heinemann Educational Books
Date of publication, distribution, etc c1971
300 ## - PHYSICAL DESCRIPTION
Extent xiv, 218p.
Dimensions 19cm
490 ## - SERIES STATEMENT
Series statement African Writers Series; 83
500 ## - GENERAL NOTE
General note Africana
650 ## - SUBJECT ADDED ENTRY--TOPICAL TERM
Topical term or geographic name as entry element Tales
Geographic subdivision Congo (Democratic Republic)
9 (RLIN) 35516
650 ## - SUBJECT ADDED ENTRY--TOPICAL TERM
Topical term or geographic name as entry element Legends
Form subdivision Congo (Democratic Republic)
9 (RLIN) 35517
650 ## - SUBJECT ADDED ENTRY--TOPICAL TERM
Topical term or geographic name as entry element Mythology
Geographic subdivision Congo
9 (RLIN) 35518
650 ## - SUBJECT ADDED ENTRY--TOPICAL TERM
Topical term or geographic name as entry element Legends
Geographic subdivision Zaire
9 (RLIN) 35519
700 ## - ADDED ENTRY--PERSONAL NAME
Personal name Gwendolen M. Carter.
9 (RLIN) 35522
942 ## - ADDED ENTRY ELEMENTS (KOHA)
Source of classification or shelving scheme Library of Congress Classification
Koha item type Africana collection (General)
Holdings
Withdrawn status Lost status Source of classification or shelving scheme Damaged status Not for loan Collection code Home library Current library Shelving location Date acquired Source of acquisition Cost, normal purchase price Total Checkouts Full call number Barcode Date last seen Copy number Price effective from Koha item type
    Library of Congress Classification     General Circulation AIU/NEGST - Tony Wilmot Memorial Library AIU/NEGST - Tony Wilmot Memorial Library General Stacks 01/28/2015 Donation 8.00   GR 360 .C6K63 1971 R31232J3232 09/02/2019 1 01/28/2015 Africana collection (General)
    Library of Congress Classification     Special Collection AIU/NEGST - Tony Wilmot Memorial Library AIU/NEGST - Tony Wilmot Memorial Library Special Collection 06/21/2016 Donation- SIL 8.00   S GR 360 .C6K63 1971 R39204W3232 09/26/2019 2 06/21/2018 Special Collection